书目信息 |
| 题名: |
中国三峡工程RCC围堰爆破拆除新技术
|
|
| 作者: | 张正宇 , 曹广晶 , 钮新强 著 | |
| 分册: | ||
| 出版信息: | 北京 中国水利水电出版社 2008.05 |
|
| 页数: | 194页, [6] 页图版 | |
| 开本: | 26cm | |
| 丛书名: | ||
| 单 册: | ||
| 中图分类: | TU746.5 | |
| 科图分类: | ||
| 主题词: | 三峡工程--san xia gong cheng--围堰--爆破拆除--研究 | |
| 电子资源: | ||
| ISBN: | 978-7-5084-5308-8 | |
| 000 | 01255nam0 2200277 450 | |
| 001 | 012008871109 | |
| 005 | 20080730084805.57 | |
| 010 | @a978-7-5084-5308-8@dCNY48.00 | |
| 100 | @a20080728d2008 em y0chiy0120 ea | |
| 101 | 0 | @achi |
| 102 | @aCN@b110000 | |
| 105 | @aafk a 000yy | |
| 106 | @ar | |
| 200 | 1 | @a中国三峡工程RCC围堰爆破拆除新技术@Azhong guo san xia gong cheng RCC wei yan bao po chai chu xin ji shu@d= New technology of RCC cofferdam blasting demolition for the three gorges project in China@f张正宇, 曹广晶, 钮新强等著@Fzhang zheng yu,cao guang jing,niu xin qiang deng zhu@zeng |
| 210 | @a北京@c中国水利水电出版社@d2008.05 | |
| 215 | @a194页, [6] 页图版@c图@d26cm | |
| 320 | @a有书目 (第193-194页) | |
| 330 | @a本书系统地地介绍了中国长江三峡工程碾压混凝土(RCC)围堰爆破倾倒加钻爆炸碎拆碎除新技术、及其设计、施工要点和安全监控防护标准。 | |
| 510 | 1 | @aNew technology of RCC cofferdam blasting demolition for the three gorges project in China@zeng |
| 606 | 0 | @a三峡工程@Asan xia gong cheng@x围堰@x爆破拆除@x研究 |
| 690 | @aTU746.5@v4 | |
| 701 | 0 | @a张正宇@Azhang zheng yu@4著 |
| 701 | 0 | @a曹广晶@Acao guang jing@4著 |
| 701 | 0 | @a钮新强@Aniu xin qiang@4著 |
| 801 | 0 | @aCN@bQSSK@c20080730 |
| 905 | @b731555-57@dTU746.5@eZ248@f3 | |
| 中国三峡工程RCC围堰爆破拆除新技术= New technology of RCC cofferdam blasting demolition for the three gorges project in China/张正宇, 曹广晶, 钮新强等著.-北京:中国水利水电出版社,2008.05 |
| 194页, [6] 页图版:图;26cm |
| ISBN 978-7-5084-5308-8:CNY48.00 |
| 本书系统地地介绍了中国长江三峡工程碾压混凝土(RCC)围堰爆破倾倒加钻爆炸碎拆碎除新技术、及其设计、施工要点和安全监控防护标准。 |
| ● |
| 相关链接 |
|
|
|
正题名:中国三峡工程RCC围堰爆破拆除新技术
索取号:TU746.5/Z248
 
预约/预借
| 序号 | 登录号 | 条形码 | 馆藏地/架位号 | 状态 | 备注 |
| 1 | 731555 | 207315555 | 建筑库201/201建筑库 41排5列2层/ [索取号:TU746.5/Z248] | 在馆 | |
| 2 | 731556 | 207315564 | 建筑库201/201建筑库 41排5列2层/ [索取号:TU746.5/Z248] | 在馆 | |
| 3 | 731557 | 207315573 | 建筑库201/201建筑库 41排5列2层/ [索取号:TU746.5/Z248] | 在馆 |